000
00205nam a2200109Ia 4500
100
_a
READER'S DIGEST.
942
_c
BK
245
_a
CREATIVE COOKING.
260
_b
#N/A
546
_a
ENGLISH
999
_c
25805
_d
25805